[Event "Pyramiden Cup 2015"]
[Site "Fuerth"]
[Date "2015.09.03"]
[Round "1.1"]
[White "Woerl, Richard"]
[Black "Kunin, Vitaly"]
[Result "0-1"]
[WhiteElo "2047"]
[BlackElo "2563"]
[PlyCount "64"]
[EventDate "2015.??.??"]
[WhiteTeam "SW Nürnberg Süd"]
[BlackTeam "Freibauer Mörlenbach"]

1. e4 c5 2. Nf3 Nf6 3. Nc3 d5 4. exd5 Nxd5 5. Nxd5 Qxd5 6. d4 cxd4 7. Qxd4 Qxd4
8. Nxd4 a6 9. f4 Bd7 10. Be2 Nc6 11. Be3 e6 12. O-O Rc8 13. c3 Nxd4 14. Bxd4
Bc5 15. Rad1 Ke7 16. Bf3 b5 17. Rd2 Bxd4+ 18. Rxd4 Rc7 19. Rfd1 Rb8 20. Rd6 a5
21. Kf2 Be8 22. Ra6 b4 23. Rxa5 bxc3 24. bxc3 Rb2+ 25. Kg3 Rxc3 26. Ra7+ Kf6
27. Rd8 Bc6 28. Kh4 Bxf3 29. gxf3 Rxh2+ 30. Kg3 Rcc2 31. f5 Rcg2+ 32. Kf4 e5+
0-1

[Event "Pyramiden Cup 2015"]
[Site "Fuerth"]
[Date "2015.09.03"]
[Round "1.2"]
[White "Krivoborodov, Egor"]
[Black "Roettinger, Eugen"]
[Result "1-0"]
[WhiteElo "2518"]
[BlackElo "2147"]
[PlyCount "54"]
[EventDate "2015.??.??"]
[WhiteTeam "SC Garching"]
[BlackTeam "SR Spaichingen"]

1. e4 g6 2. d4 Bg7 3. Nc3 d6 4. g3 c6 5. a4 Qb6 6. Nge2 e5 7. a5 Qc7 8. Be3 Bg4
9. Bg2 Ne7 10. h3 Bd7 11. dxe5 dxe5 12. Bc5 Be6 13. Qd2 Na6 14. Bd6 Qd7 15. Rd1
Rd8 16. Qe3 Nc8 17. Bxe5 Qxd1+ 18. Nxd1 Bxe5 19. O-O O-O 20. f4 Bd6 21. Kh2 Bc5
22. Qc3 Bb4 23. Qf3 f5 24. Ne3 Rd2 25. exf5 gxf5 26. c3 Bxa5 27. Nd4 Bd7 1-0

[Event "Pyramiden Cup 2015"]
[Site "Fuerth"]
[Date "2015.09.03"]
[Round "1.3"]
[White "Tong, Kevin"]
[Black "Kveinys, Aloyzas"]
[Result "0-1"]
[WhiteElo "2021"]
[BlackElo "2485"]
[PlyCount "94"]
[EventDate "2015.??.??"]
[WhiteTeam "SC Erlangen"]
[BlackTeam "Litauen"]
[BlackTeamCountry "LTU"]

1. e4 c5 2. Nf3 e6 3. d4 cxd4 4. Nxd4 a6 5. c4 Nf6 6. Nc3 Qc7 7. Be3 Bb4 8. f3
Bxc3+ 9. bxc3 d6 10. Bd3 O-O 11. O-O Nbd7 12. Nb3 b6 13. Bd4 a5 14. Rb1 Ba6 15.
Nd2 Rab8 16. f4 e5 17. fxe5 dxe5 18. Be3 Nc5 19. Bc2 Ne8 20. Rf3 Nd6 21. Rh3 f6
22. Kh1 Bc8 23. Rg3 Be6 24. Qe2 Kh8 25. h3 Rfc8 26. Rf3 Qf7 27. a3 Nxc4 28.
Nxc4 Bxc4 29. Qe1 b5 30. Rd1 Ne6 31. Rf2 Qe7 32. Ra1 a4 33. Rd2 Rd8 34. Rxd8+
Rxd8 35. Kh2 h6 36. Qf2 Bd3 37. Bb6 Rd7 38. Bxd3 Rxd3 39. Qb2 Qd7 40. Rb1 Nf4
41. Rc1 Nxh3 42. c4 Rb3 43. Qc2 bxc4 44. Ba5 Nf4 45. Qxc4 Kh7 46. Rc3 Qg4 47.
Qf1 Qh5+ 0-1

[Event "Pyramiden Cup 2015"]
[Site "Fuerth"]
[Date "2015.09.03"]
[Round "1.4"]
[White "Ikonnikov, Vyacheslav"]
[Black "Bildt, Thomas"]
[Result "1-0"]
[WhiteElo "2518"]
[BlackElo "2000"]
[PlyCount "78"]
[EventDate "2015.??.??"]
[WhiteTeam "SF Bad Mergentheim"]
[BlackTeam "SK Zirndorf"]

1. d4 d5 2. Nf3 Nf6 3. c4 c6 4. Nc3 dxc4 5. a4 Bf5 6. e3 e6 7. Bxc4 Nbd7 8. Nh4
Bg4 9. Qb3 Nd5 10. Nf3 Qb6 11. Qc2 Nb4 12. Qe2 Be7 13. a5 Qc7 14. O-O O-O 15.
h3 Bh5 16. g4 Bg6 17. e4 b5 18. axb6 axb6 19. Be3 c5 20. Rxa8 Rxa8 21. d5 exd5
22. Nxd5 Nxd5 23. Bxd5 Rd8 24. Qc4 Nf6 25. Ra1 Nxd5 26. exd5 Bf6 27. Bf4 Qb7
28. Rd1 Bxb2 29. Be5 Ba3 30. Ba1 Bb4 31. Ne5 b5 32. Qb3 Rd6 33. Nc6 h6 34. Qe3
Rxc6 35. Qe8+ Kh7 36. dxc6 Qa7 37. Bb2 Qc7 38. Rd8 Bc2 39. Qg8+ Kg6 1-0

[Event "Pyramiden Cup 2015"]
[Site "Fuerth"]
[Date "2015.09.03"]
[Round "1.5"]
[White "Lange, Carsten"]
[Black "Mons, Leon"]
[Result "1/2-1/2"]
[WhiteElo "2055"]
[BlackElo "2464"]
[PlyCount "118"]
[EventDate "2015.??.??"]
[WhiteTeam "SK Zirndorf"]
[BlackTeam "SC Hansa Dortmund"]

1. Nf3 d5 2. c4 e6 3. g3 Nf6 4. Bg2 d4 5. O-O c5 6. d3 Nc6 7. Na3 Bd6 8. Nc2
O-O 9. a3 a5 10. b3 e5 11. Rb1 b6 12. e3 Bf5 13. e4 Bg4 14. h3 Be6 15. Bd2 Qd7
16. Kh2 Rfb8 17. b4 cxb4 18. axb4 b5 19. cxb5 Rxb5 20. bxa5 Nxa5 21. Rxb5 Qxb5
22. Ncxd4 exd4 23. Nxd4 Qa6 24. Nxe6 fxe6 25. e5 Bxe5 26. Bxa8 Qxa8 27. Qa4 Bc7
28. Bxa5 Qxa5 29. Qxa5 Bxa5 30. Ra1 Bb6 31. Kg2 Kf7 32. Rb1 Nd5 33. Kf3 Kf6 34.
Rc1 g5 35. Rc4 h5 36. Re4 Kf5 37. Rc4 Bd8 38. Re4 Ba5 39. Rc4 Be1 40. Ke2 Bc3
41. Kf3 Bb2 42. Rc2 Bd4 43. Rc4 e5 44. Rc6 Nf6 45. Rc2 g4+ 46. Kg2 Nd5 47.
hxg4+ hxg4 48. Rc8 Nb4 49. Rf8+ Ke6 50. f4 Nxd3 51. fxe5 Bxe5 52. Rg8 Kf5 53.
Rd8 Ne1+ 54. Kf2 Nc2 55. Rf8+ Bf6 56. Rc8 Bd4+ 57. Ke2 Ne3 58. Rf8+ Kg6 59. Rf4
Be5 1/2-1/2

[Event "Pyramiden Cup 2015"]
[Site "Fuerth"]
[Date "2015.09.03"]
[Round "1.7"]
[White "Cipra, Lothar"]
[Black "Milov, Leonid"]
[Result "0-1"]
[WhiteElo "2016"]
[BlackElo "2471"]
[PlyCount "84"]
[EventDate "2015.??.??"]
[WhiteTeam "SK Schwanstetten"]
[BlackTeam "SC NT Nürnberg"]

1. d4 Nf6 2. c4 c5 3. d5 a6 4. Nc3 b5 5. b3 g6 6. Qc2 Bg7 7. Bb2 Qa5 8. Rc1 d6
9. e3 O-O 10. h3 Bf5 11. Bd3 Bxd3 12. Qxd3 Nbd7 13. Nf3 bxc4 14. bxc4 Nb6 15.
O-O Rab8 16. Ba1 Nfd7 17. Rc2 Ne5 18. Nxe5 Bxe5 19. f4 Bg7 20. Ne4 Bxa1 21.
Rxa1 Nd7 22. Nd2 Rb7 23. Nf3 Rfb8 24. Rac1 Rb2 25. f5 Qxa2 26. fxg6 hxg6 27.
Kh2 Nf6 28. e4 Rxc2 29. Rxc2 Rb2 30. Rxb2 Qxb2 31. Qd1 Nxe4 32. Qa4 Qb7 33. Qc6
Qa7 34. Nh4 Nf6 35. Nf3 a5 36. g4 a4 37. g5 Nd7 38. Nd2 a3 39. Nb3 a2 40. Na1
Kg7 41. Qb5 Qa3 42. Nc2 Qc3 0-1

[Event "Pyramiden Cup 2015"]
[Site "Fuerth"]
[Date "2015.09.03"]
[Round "1.8"]
[White "Moehn, Hans"]
[Black "Reuter, Roland"]
[Result "1-0"]
[WhiteElo "2389"]
[BlackElo "2000"]
[PlyCount "101"]
[EventDate "2015.??.??"]
[WhiteTeam "USV TU Dresden"]
[BlackTeam "SK Schwabach"]

1. Nf3 c5 2. c4 Nf6 3. g3 g6 4. Bg2 Bg7 5. O-O O-O 6. d4 cxd4 7. Nxd4 Nc6 8.
Nc3 Nxd4 9. Qxd4 d6 10. Qd3 Rb8 11. Bf4 Bd7 12. c5 dxc5 13. Bxb8 Qxb8 14. Rac1
b6 15. Rfd1 Qc8 16. b3 Be6 17. Nd5 Nxd5 18. Bxd5 Bf5 19. Be4 Be6 20. Bd5 Bf5
21. Be4 Be6 22. Rd2 Be5 23. Qb5 Kg7 24. b4 Bd6 25. bxc5 Bxc5 26. Rcd1 Qc7 27.
Qb2+ f6 28. Kg2 a5 29. e3 a4 30. Bd5 a3 31. Qb3 Bc8 32. Qc3 Qd7 33. Kg1 Qf5 34.
Qc4 Qe5 35. Qe4 Qc7 36. h4 Bf5 37. Qf4 Bd6 38. Qc4 Qxc4 39. Bxc4 Rc8 40. Bd5 b5
41. Kg2 Bb4 42. Re2 Rc7 43. e4 Bc8 44. Bb3 Bc3 45. Rd8 Bb7 46. f3 h5 47. Re3
Be5 48. Red3 Bd6 49. Rd2 Rc3 50. R2xd6 exd6 51. Rd7+ 1-0

[Event "Pyramiden Cup 2015"]
[Site "Fuerth"]
[Date "2015.09.03"]
[Round "1.9"]
[White "Schober, Ralf"]
[Black "Troyke, Christian"]
[Result "0-1"]
[WhiteElo "2019"]
[BlackElo "2344"]
[PlyCount "94"]
[EventDate "2015.??.??"]
[WhiteTeam "SV Sundern"]
[BlackTeam "Erfurter SK"]

1. d4 g6 2. Nf3 Bg7 3. Nc3 c5 4. e4 cxd4 5. Nxd4 Nc6 6. Be3 Nf6 7. Be2 O-O 8.
Qd2 d5 9. exd5 Nxd5 10. Nxd5 Qxd5 11. Bf3 Qc4 12. Nxc6 bxc6 13. Be2 Qe4 14. f3
Qa4 15. c3 Be6 16. O-O Rfd8 17. Qc1 Rd7 18. Rd1 Rad8 19. Rxd7 Rxd7 20. Bc5 Qa5
21. b4 Qc7 22. Qe3 Qe5 23. a4 Qxe3+ 24. Bxe3 Bxc3 25. Rc1 Bd2 26. Bxd2 Rxd2 27.
Ba6 Bb3 28. b5 cxb5 29. Rc8+ Kg7 30. Bxb5 Rc2 31. Rd8 Rc7 32. Kf2 e6 33. Rd4
Rc2+ 34. Kg1 Bd5 35. Rb4 g5 36. h4 h6 37. hxg5 hxg5 38. Kf1 f5 39. Be2 Kf6 40.
a5 Ra2 41. a6 Ke5 42. Bd3 Kd6 43. Be2 Kc5 44. Rb1 Kd4 45. Rd1+ Ke3 46. Rd3+ Kf4
47. Kf2 Rxe2+ 0-1

[Event "Pyramiden Cup 2015"]
[Site "Fuerth"]
[Date "2015.09.03"]
[Round "1.10"]
[White "Colpe, Malte"]
[Black "Gradl, Winfried"]
[Result "1-0"]
[WhiteElo "2367"]
[BlackElo "1993"]
[PlyCount "77"]
[EventDate "2015.??.??"]
[WhiteTeam "Hamburger SK"]
[BlackTeam "TuS Fürstenfeldbruck"]

1. d4 d5 2. c4 c6 3. Nf3 Nf6 4. Nc3 dxc4 5. a4 Bf5 6. Ne5 Nbd7 7. Nxc4 Nb6 8.
Ne5 a5 9. Bg5 Nfd7 10. e4 Nxe5 11. exf5 Nec4 12. b3 Nd6 13. Bd3 g6 14. fxg6
hxg6 15. O-O Qc7 16. Bf4 Bg7 17. Rc1 Qd7 18. Be5 O-O 19. Qf3 Ne8 20. Rfd1 Nf6
21. h3 Nbd5 22. Ne4 Nxe4 23. Bxe4 Rfd8 24. h4 Nf6 25. Bxf6 Bxf6 26. h5 gxh5 27.
Qxh5 Qe6 28. Qh7+ Kf8 29. Rc3 Rxd4 30. Rxd4 Bxd4 31. Rg3 f5 32. Bxf5 Qf7 33.
Qh6+ Bg7 34. Qe3 Rd8 35. Bg6 Rd1+ 36. Kh2 Qd5 37. Rf3+ Bf6 38. Qh6+ Kg8 39.
Qh7+ 1-0

[Event "Pyramiden Cup 2015"]
[Site "Fuerth"]
[Date "2015.09.03"]
[Round "1.11"]
[White "Mehringer, Joerg"]
[Black "Ott, Florian"]
[Result "0-1"]
[WhiteElo "1945"]
[BlackElo "2273"]
[PlyCount "106"]
[EventDate "2015.??.??"]
[WhiteTeam "Schachpinguine Berlin"]
[BlackTeam "SC Forchheim"]

1. e4 c5 2. g3 d5 3. exd5 Qxd5 4. Nf3 Bg4 5. Bg2 Nc6 6. O-O Qf5 7. d3 Nf6 8.
Be3 e6 9. Nbd2 Be7 10. Qc1 Bh3 11. Bxh3 Qxh3 12. Ng5 Qh5 13. Nde4 Ng4 14. h3
Nxe3 15. Qxe3 Nd4 16. g4 Qh6 17. c3 Bxg5 18. Nxg5 Qxg5 19. cxd4 Qxe3 20. fxe3
cxd4 21. exd4 O-O 22. Rac1 Rac8 23. Kf2 Rfe8 24. Ke3 Kf8 25. Rc4 Ke7 26. Rfc1
Rcd8 27. Ke4 Rd7 28. Rc5 Red8 29. Rc7 h6 30. a4 g6 31. Rxd7+ Rxd7 32. Rc5 Kd6
33. Rc4 b6 34. b4 f5+ 35. Ke3 Kd5 36. b5 g5 37. Ke2 Rf7 38. Ke3 f4+ 39. Ke2 Re7
40. Kf3 e5 41. dxe5 Rxe5 42. Rc7 Re3+ 43. Kg2 Rg3+ 44. Kh2 Rxd3 45. Rxa7 Ke4
46. a5 Rd2+ 47. Kg1 Kf3 48. axb6 Kg3 49. Kf1 f3 50. Ke1 Rb2 51. Rf7 Rxb5 52. b7
Kg2 53. Kd2 f2 0-1

[Event "Pyramiden Cup 2015"]
[Site "Fuerth"]
[Date "2015.09.03"]
[Round "1.12"]
[White "Wenninger, Philipp"]
[Black "Hartmann, Thomas"]
[Result "1-0"]
[WhiteElo "2249"]
[BlackElo "2039"]
[PlyCount "81"]
[EventDate "2015.??.??"]
[WhiteTeam "SC Erlangen"]
[BlackTeam "SC WD Ulm"]

1. d4 Nf6 2. Bg5 b6 3. f3 d5 4. c4 e6 5. Nc3 Bb7 6. e3 Be7 7. Bd3 dxc4 8. Bxc4
Nd5 9. Bxe7 Qxe7 10. Qd2 Qh4+ 11. g3 Qg5 12. e4 Qe3+ 13. Qxe3 Nxe3 14. Bd3 Ba6
15. Nb5 Nc2+ 16. Kd2 Bxb5 17. Bxb5+ c6 18. Kxc2 cxb5 19. Rc1 Nc6 20. Ne2 Rc8
21. Kb1 Kd7 22. Rc2 Nb4 23. Rd2 Rhd8 24. Rhd1 Ke7 25. Nc3 a6 26. d5 exd5 27.
exd5 a5 28. Nxb5 Rc5 29. Nc3 f5 30. a3 Na6 31. Re2+ Kf7 32. Re5 g6 33. g4 Re8
34. Rxe8 Kxe8 35. gxf5 gxf5 36. Re1+ Kf7 37. Re5 Nc7 38. Rxf5+ Kg6 39. Re5 Kf6
40. f4 Rc4 41. Ne4+ 1-0

[Event "Pyramiden Cup 2015"]
[Site "Fuerth"]
[Date "2015.09.03"]
[Round "1.13"]
[White "Adler, Herbert"]
[Black "Schunk, Eduard"]
[Result "0-1"]
[WhiteElo "2001"]
[BlackElo "2319"]
[PlyCount "86"]
[EventDate "2015.??.??"]
[WhiteTeam "SG Büchenbach/Roth"]
[BlackTeam "TSV Bindlach"]

1. d4 Nf6 2. g3 g6 3. Bg2 Bg7 4. Nf3 O-O 5. O-O d6 6. c4 Nbd7 7. Nc3 e5 8. e4
c6 9. h3 a6 10. a4 a5 11. Be3 Re8 12. dxe5 dxe5 13. Qc2 Qe7 14. Rfd1 Qf8 15.
Ne1 Nc5 16. Nd3 Nfd7 17. Nxc5 Nxc5 18. f3 Bh6 19. Bf2 Bg5 20. Ne2 b6 21. f4 Bf6
22. Rd2 Qh6 23. Rd6 Re6 24. Rad1 Be7 25. Rxe6 Bxe6 26. fxe5 Bxh3 27. Nf4 Bg4
28. Rd2 Bg5 29. Be3 Ne6 30. Rf2 Rd8 31. Rd2 Re8 32. Rf2 Nc5 33. Bd2 Rd8 34. Be3
Re8 35. Bd2 Rxe5 36. Bc3 Re8 37. e5 Bf5 38. Qc1 Nd3 39. Qe3 Nxf2 40. Kxf2 c5
41. Bd5 Qh2+ 42. Ke1 h5 43. e6 Bxe6 0-1

[Event "Pyramiden Cup 2015"]
[Site "Fuerth"]
[Date "2015.09.03"]
[Round "1.14"]
[White "Fischer, Johannes"]
[Black "Hoffmann, Sebastian"]
[Result "1-0"]
[WhiteElo "2269"]
[BlackElo "1860"]
[PlyCount "61"]
[EventDate "2015.??.??"]
[WhiteTeam "SW Nürnberg Süd"]
[BlackTeam "SC NT Nürnberg"]

1. g3 d5 2. Bg2 e5 3. d3 c6 4. Nf3 Bd6 5. e4 Nf6 6. Nc3 O-O 7. O-O Re8 8. exd5
cxd5 9. Bg5 Be6 10. Nb5 Bg4 11. h3 Bh5 12. g4 Bg6 13. Nh4 Be7 14. Nxg6 hxg6 15.
c4 Nbd7 16. cxd5 Qb6 17. a4 Nxd5 18. Bxd5 Bxg5 19. Qb3 Re7 20. a5 Qc5 21. a6
Nf6 22. Bxb7 Rd8 23. Qc4 Qb6 24. Qc6 Re6 25. Qxb6 Rxb6 26. Nxa7 Rb8 27. Nc6 Re8
28. a7 Rxb7 29. a8=Q Rxa8 30. Rxa8+ Kh7 31. Nxe5 1-0

[Event "Pyramiden Cup 2015"]
[Site "Fuerth"]
[Date "2015.09.03"]
[Round "1.15"]
[White "Herold, Hansjoerg"]
[Black "Miller, Eduard"]
[Result "0-1"]
[WhiteElo "2003"]
[BlackElo "2245"]
[PlyCount "42"]
[EventDate "2015.??.??"]
[WhiteTeam "SV Böckingen"]
[BlackTeam "SC Erlangen"]

1. e4 c5 2. Nc3 a6 3. f4 b5 4. Nf3 Bb7 5. d3 e6 6. g3 d5 7. exd5 exd5 8. Qe2+
Be7 9. Bg2 Nf6 10. O-O Nc6 11. Bd2 O-O 12. Be1 Re8 13. Qd2 d4 14. Nd1 Qc7 15.
Kh1 c4 16. Bf2 cxd3 17. Qxd3 Nb4 18. Qd2 Ne4 19. Qc1 Bf6 20. a3 Nxc2 21. Nxd4
Nxf2+ 0-1

[Event "Pyramiden Cup 2015"]
[Site "Fuerth"]
[Date "2015.09.03"]
[Round "1.16"]
[White "Promyshlyanskyy, Vitaliy"]
[Black "Leis, Stefan"]
[Result "1-0"]
[WhiteElo "2236"]
[BlackElo "1998"]
[PlyCount "75"]
[EventDate "2015.??.??"]
[WhiteTeam "SC NT Nürnberg"]
[BlackTeam "SC Mühlh.-Reichelsdorf"]

1. e4 c5 2. Nc3 Nc6 3. Bb5 e6 4. Bxc6 bxc6 5. d3 d5 6. Qe2 Be7 7. Bd2 Nf6 8. f4
Rb8 9. b3 c4 10. dxc4 dxe4 11. Nxe4 O-O 12. Nf3 Qb6 13. Nc3 Rd8 14. Na4 Rxd2
15. Qxd2 Qc7 16. O-O Bb7 17. Ne5 Rd8 18. Qe3 c5 19. Nc3 a6 20. Rad1 Rd4 21. Kh1
Rxd1 22. Rxd1 h5 23. h3 Bd6 24. Qd3 Bxe5 25. Qd8+ Kh7 26. Qd3+ Kg8 27. fxe5
Qxe5 28. Qd6 Qxc3 29. Qb8+ Kh7 30. Qxb7 Qxc2 31. Rf1 Kg6 32. a4 Qd3 33. Rf3
Qd1+ 34. Kh2 h4 35. Qc7 Qe1 36. Qxc5 Ne4 37. Qe3 Qb1 38. Qd3 1-0

[Event "Pyramiden Cup 2015"]
[Site "Fuerth"]
[Date "2015.09.03"]
[Round "1.17"]
[White "Koch, Christian"]
[Black "Niedermeier, Thomas"]
[Result "0-1"]
[WhiteElo "1925"]
[BlackElo "2226"]
[PlyCount "48"]
[EventDate "2015.??.??"]
[WhiteTeam "SC Höchstadt/Aisch"]
[BlackTeam "SG Pang-Rosenheim"]

1. e4 c5 2. Nf3 d6 3. b4 cxb4 4. d4 g6 5. a3 bxa3 6. Nxa3 Bg7 7. c3 Nf6 8. Qc2
O-O 9. Bd3 Bg4 10. Ng5 h6 11. h3 Bd7 12. Nf3 Nc6 13. Be3 d5 14. e5 Ne4 15. Bxe4
dxe4 16. Qxe4 Bf5 17. Qh4 g5 18. Qg3 Qa5 19. Bd2 Qa6 20. Nc2 Qd3 21. Ne3 Be6
22. Rd1 Bb3 23. Rc1 f5 24. Qh2 f4 0-1

[Event "Pyramiden Cup 2015"]
[Site "Fuerth"]
[Date "2015.09.03"]
[Round "1.18"]
[White "Dorst, Johannes"]
[Black "Birkmann, Guenther"]
[Result "1-0"]
[WhiteElo "2223"]
[BlackElo "2054"]
[PlyCount "55"]
[EventDate "2015.??.??"]
[WhiteTeam "SK Marburg"]
[BlackTeam "SK Zirndorf"]

1. e4 c5 2. Nc3 e6 3. Nf3 a6 4. d4 cxd4 5. Nxd4 Qc7 6. Bd3 Nf6 7. O-O d6 8. a4
b6 9. Kh1 Bb7 10. f4 Nbd7 11. Qe2 Be7 12. Bd2 O-O 13. b4 Rfd8 14. Rae1 g6 15.
f5 exf5 16. exf5 Ne5 17. fxg6 fxg6 18. Ne6 Qc6 19. b5 axb5 20. axb5 Qd7 21.
Nxd8 Rxd8 22. Bg5 Nh5 23. Bc4+ Kg7 24. Bxe7 Nxc4 25. Bxd8 Ng3+ 26. hxg3 Ne3 27.
Bf6+ Kg8 28. Kg1 1-0

[Event "Pyramiden Cup 2015"]
[Site "Fuerth"]
[Date "2015.09.03"]
[Round "1.19"]
[White "Li, Simon"]
[Black "Heimrath, Reiner"]
[Result "0-1"]
[WhiteElo "2013"]
[BlackElo "2191"]
[PlyCount "72"]
[EventDate "2015.??.??"]
[WhiteTeam "SK Schweinfurt"]
[BlackTeam "SC Noris-Tarrasch Nürnberg"]

1. e4 d6 2. d4 Nf6 3. Nc3 e5 4. dxe5 dxe5 5. Qxd8+ Kxd8 6. Bg5 Be6 7. O-O-O+
Kc8 8. Nf3 Nbd7 9. Bh4 Bb4 10. Nd5 Bd6 11. Ng5 Bxd5 12. exd5 Rf8 13. Be2 h6 14.
Nf3 Ng8 15. Rhe1 f5 16. h3 f4 17. g4 g5 18. Nxg5 hxg5 19. Bxg5 e4 20. Bb5 Ngf6
21. Bxf6 Nxf6 22. g5 a6 23. Ba4 b5 24. Bb3 Nh7 25. h4 e3 26. fxe3 fxe3 27. Rg1
Rf4 28. h5 Rh4 29. g6 Nf6 30. g7 Kb7 31. Rdf1 Ng8 32. Rh1 e2 33. Re1 Bf4+ 34.
Kb1 Rxh1 35. Rxh1 Re8 36. Re1 Bd2 0-1

[Event "Pyramiden Cup 2015"]
[Site "Fuerth"]
[Date "2015.09.03"]
[Round "1.20"]
[White "Knoblauch, Leonhard"]
[Black "Gerl, Hans"]
[Result "1-0"]
[WhiteElo "2177"]
[BlackElo "1968"]
[PlyCount "67"]
[EventDate "2015.??.??"]
[WhiteTeam "SV Ilmmünster"]
[BlackTeam "SK Zirndorf"]

1. e4 c5 2. Nf3 d6 3. d4 cxd4 4. Nxd4 Nf6 5. Nc3 a6 6. Bg5 e6 7. f4 Be7 8. Qf3
Nbd7 9. O-O-O Qc7 10. g4 b5 11. Bxf6 Nxf6 12. g5 Nd7 13. f5 Bxg5+ 14. Kb1 Ne5
15. Qh5 Bf6 16. Nxe6 Bxe6 17. fxe6 g6 18. Nd5 Qd8 19. exf7+ Nxf7 20. Qf3 Bg7
21. h4 O-O 22. h5 Ne5 23. Qb3 Kh8 24. hxg6 Nxg6 25. Bh3 Nh4 26. Bg4 h6 27. Qh3
Ng6 28. Bf5 Ne7 29. Rdg1 Ng8 30. Qg4 Ra7 31. Qg6 Rxf5 32. exf5 Qf8 33. f6 Nxf6
34. Nxf6 1-0

[Event "Pyramiden Cup 2015"]
[Site "Fuerth"]
[Date "2015.09.03"]
[Round "1.21"]
[White "Herlan, Klaus-Juergen"]
[Black "Reis, Gerhard"]
[Result "1/2-1/2"]
[WhiteElo "1961"]
[BlackElo "2197"]
[PlyCount "59"]
[EventDate "2015.??.??"]
[WhiteTeam "SK Marmstorf"]
[BlackTeam "SW Nürnberg Süd"]

1. Nf3 Nf6 2. d4 g6 3. c4 Bg7 4. Nc3 d5 5. cxd5 Nxd5 6. e4 Nxc3 7. bxc3 c5 8.
Bb5+ Nc6 9. Bxc6+ bxc6 10. Qa4 cxd4 11. cxd4 O-O 12. Rb1 Bg4 13. Be3 Bxf3 14.
gxf3 Qd7 15. Ke2 f5 16. e5 f4 17. Bc1 Rab8 18. Ba3 Rb5 19. Qc4+ Kh8 20. Rxb5
cxb5 21. Qb4 Rd8 22. Rc1 Bf8 23. Bb2 e6 24. Qd2 g5 25. h4 Be7 26. hxg5 Bxg5 27.
Qc2 Kg7 28. Qc7 Kg6 29. Qc2+ Kg7 30. Qc7 1/2-1/2

[Event "Pyramiden Cup 2015"]
[Site "Fuerth"]
[Date "2015.09.03"]
[Round "1.22"]
[White "Brem, Stephan"]
[Black "Schroeder, Stefan"]
[Result "1-0"]
[WhiteElo "2063"]
[BlackElo "1791"]
[PlyCount "39"]
[EventDate "2015.??.??"]
[WhiteTeam "SU Ebersberg-Grafing"]
[BlackTeam "SG Airb. Heli."]

1. f4 e5 2. fxe5 d6 3. Nf3 Nc6 4. e4 Nxe5 5. d4 Nxf3+ 6. Qxf3 Nf6 7. Bc4 Qe7 8.
O-O Be6 9. Bb5+ Bd7 10. e5 dxe5 11. Qxb7 Rd8 12. Bg5 exd4 13. Nc3 Qc5 14. Bxd7+
Rxd7 15. Ne4 Qd5 16. Rae1 Nxe4 17. Qc8+ Rd8 18. Rxe4+ Be7 19. Rxe7+ Kf8 20.
Rexf7+ 1-0

[Event "Pyramiden Cup 2015"]
[Site "Fuerth"]
[Date "2015.09.03"]
[Round "1.23"]
[White "Grabmeier, Johannes"]
[Black "Hoecher, Michael"]
[Result "0-1"]
[WhiteElo "1929"]
[BlackElo "2091"]
[PlyCount "76"]
[EventDate "2015.??.??"]
[WhiteTeam "SV Deggendorf"]
[BlackTeam "SC Garching"]

1. b3 d5 2. e3 Nf6 3. Bb2 e6 4. f4 Be7 5. Nf3 O-O 6. g3 b6 7. Bg2 Bb7 8. O-O c5
9. Ne5 Nc6 10. Nxc6 Bxc6 11. d3 Qd7 12. Nd2 a5 13. Nf3 Qc7 14. Ne5 Bb7 15. a4
Nd7 16. Nxd7 Qxd7 17. Qg4 g6 18. Qh3 f5 19. Rae1 b5 20. axb5 Qxb5 21. e4 Qd7
22. exd5 exd5 23. Be5 a4 24. bxa4 Rxa4 25. Bf3 d4 26. g4 Bxf3 27. Qh6 Rf7 28.
gxf5 Bf8 29. Qh3 Bd5 30. Ra1 Rxa1 31. Rxa1 Qxf5 32. Qg3 h5 33. h3 Bg7 34. Bd6
c4 35. Ra5 cxd3 36. cxd3 Qe6 37. Bb4 Kh7 38. Qg5 Qe3+ 0-1

[Event "Pyramiden Cup 2015"]
[Site "Fuerth"]
[Date "2015.09.03"]
[Round "1.24"]
[White "Pfadenhauer, Johannes"]
[Black "Suess, Helmut"]
[Result "1-0"]
[WhiteElo "2067"]
[BlackElo "1959"]
[PlyCount "119"]
[EventDate "2015.??.??"]
[WhiteTeam "TSV Bindlach"]
[BlackTeam "SC NT Nürnberg"]

1. d4 Nf6 2. Bg5 e6 3. e4 c5 4. Nf3 cxd4 5. Nxd4 h6 6. Bxf6 Qxf6 7. Be2 Nc6 8.
c3 Bc5 9. Nf3 O-O 10. O-O d6 11. Nbd2 e5 12. b4 Bb6 13. Nc4 Bc7 14. Ne3 Ne7 15.
Nd2 Be6 16. Bc4 Bxc4 17. Ndxc4 b5 18. Na3 a6 19. Nd5 Nxd5 20. Qxd5 Bb6 21. Rac1
Qe6 22. Rfd1 Rfd8 23. Rc2 Qxd5 24. Rxd5 Kf8 25. Kf1 Ke7 26. Ke2 Rac8 27. f3 Rc6
28. Kd3 Rdc8 29. g3 f6 30. g4 R8c7 31. h4 Rc8 32. h5 R8c7 33. c4 bxc4+ 34. Rxc4
Bd4 35. Ra5 Rxc4 36. Nxc4 Rc6 37. a4 Kd7 38. b5 axb5 39. Rxb5 Kc7 40. a5 Ra6
41. Kc2 Rc6 42. Kb3 Bc5 43. Ka4 Bd4 44. Kb4 Bc5+ 45. Kc3 Bd4+ 46. Kd3 Ba7 47.
Rb3 Bc5 48. Rb2 Ra6 49. Kc2 Bd4 50. Rb1 Bc5 51. Kb3 Rc6 52. Ka4 Ra6 53. Nb2 Bb6
54. Rc1+ Kb7 55. Nc4 Bc5 56. Kb5 Ra7 57. Rc2 Ra6 58. Nb2 Rc6 59. Nd3 Rc7 60.
Nxc5+ 1-0

[Event "Pyramiden Cup 2015"]
[Site "Fuerth"]
[Date "2015.09.03"]
[Round "1.25"]
[White "Herbst, Thomas"]
[Black "Walter, Florian"]
[Result "0-1"]
[WhiteElo "1841"]
[BlackElo "2160"]
[PlyCount "52"]
[EventDate "2015.??.??"]
[WhiteTeam "SK Nürnberg"]
[BlackTeam "SC NT Nürnberg"]

1. d4 d5 2. Nf3 Nf6 3. c4 c6 4. e3 e6 5. Bd3 dxc4 6. Bxc4 b5 7. Bd3 Bb7 8. O-O
Nbd7 9. Nbd2 a6 10. Qe2 Be7 11. Rd1 O-O 12. e4 c5 13. e5 Nd5 14. Qe4 g6 15. Qg4
cxd4 16. h4 Qc7 17. Re1 Nb4 18. Bb1 d3 19. h5 Nc2 20. Bxc2 dxc2 21. Ne4 Nxe5
22. Nxe5 Qxe5 23. hxg6 hxg6 24. Bg5 Bxg5 25. Nxg5 Qxb2 26. Qh4 Qh8 0-1

[Event "Pyramiden Cup 2015"]
[Site "Fuerth"]
[Date "2015.09.03"]
[Round "1.26"]
[White "Wagner, Florian"]
[Black "Mix, Thomas"]
[Result "1-0"]
[WhiteElo "2145"]
[BlackElo "1949"]
[PlyCount "39"]
[EventDate "2015.??.??"]
[WhiteTeam "SC NT Nürnberg"]
[BlackTeam "SF Brannenburg"]

1. e4 c5 2. Nf3 Nc6 3. Bb5 g6 4. O-O Bg7 5. Re1 a6 6. Bxc6 bxc6 7. e5 Nh6 8. d3
O-O 9. Bg5 Nf5 10. Nc3 h6 11. Bf4 d5 12. Na4 Nd4 13. Nxc5 Bg4 14. c3 Nxf3+ 15.
gxf3 Bh5 16. e6 fxe6 17. Nxe6 Qd7 18. Re3 Rf6 19. Qe2 g5 20. Nxg7 1-0

[Event "Pyramiden Cup 2015"]
[Site "Fuerth"]
[Date "2015.09.03"]
[Round "1.27"]
[White "Wagner, Leopold Franziskus"]
[Black "Kannenberg, Karl-Heinz"]
[Result "0-1"]
[WhiteElo "1945"]
[BlackElo "2220"]
[PlyCount "182"]
[EventDate "2015.??.??"]
[WhiteTeam "BSG Grün-Weiß Leipzig"]
[BlackTeam "SC Kitzingen"]

1. e4 c6 2. d4 d5 3. exd5 cxd5 4. Nf3 Nf6 5. Be2 Bf5 6. O-O e6 7. c3 Be7 8. Bg5
h6 9. Bh4 O-O 10. Nbd2 Nc6 11. h3 a6 12. Bg3 Bd6 13. Bxd6 Qxd6 14. Nb3 Nd7 15.
Bd3 Bxd3 16. Qxd3 b5 17. Nh2 Rab8 18. f4 f5 19. Qe3 a5 20. Rae1 Rfe8 21. Nf3 a4
22. Nbd2 Na5 23. Ne5 Nc4 24. Ndxc4 bxc4 25. Nxd7 Qxd7 26. Qc1 a3 27. bxa3 Qa7
28. Re5 Ra8 29. Qe3 Qd7 30. Re1 Kf7 31. g4 g6 32. gxf5 gxf5 33. Qf3 Rg8+ 34.
Kh1 Rg6 35. Qh5 Kg7 36. Qe2 Rxa3 37. Qb2 Ra6 38. Qc2 Kh7 39. Qf2 Qf7 40. Rg1
Rxg1+ 41. Kxg1 Qa7 42. Re2 Ra3 43. Rc2 Qb7 44. Kh2 Qc7 45. Qe3 Ra6 46. Rg2 Rb6
47. Qg3 Qf7 48. Rf2 Rb1 49. Rg2 Rd1 50. Rf2 Rd3 51. Rf3 Qh5 52. Kg2 Rd2+ 53.
Rf2 Rd1 54. a4 Ra1 55. a5 Rxa5 56. Qe3 Qf7 57. Kh2 Ra1 58. Re2 Rd1 59. Rd2
Rxd2+ 60. Qxd2 Qb7 61. Qe3 Qb6 62. Kg3 Kg6 63. h4 Kf7 64. Qe5 Qa5 65. Qe3 Qa1
66. Qf3 Qe1+ 67. Kh3 Ke7 68. Kg2 Qxh4 69. Qe3 Qf6 70. Kh3 Qg6 71. Kh2 h5 72.
Qe1 Qf6 73. Kh3 Kf7 74. Qh4 Qg6 75. Kh2 Qg4 76. Qf2 h4 77. Qe3 Qd1 78. Kg2 Qd3
79. Qf3 Kg6 80. Qf2 h3+ 81. Kh2 Qxc3 82. Qe2 Kf7 83. Qh5+ Ke7 84. Qg5+ Kd7 85.
Qg7+ Kc6 86. Qe5 Qf3 87. Qxe6+ Kb5 88. Qd7+ Kb4 89. Qd6+ Kb3 90. Qb6+ Ka2 91.
Qg6 Qg2+ 0-1